Food Sample Platter Quiz Stats

 Plays Quiz not verified by Sporcle

Support Sporcle.
Go Orange.
Score 0/15 Timer 05:00
0 Plays Today
Question Answer % Correct
This type of food can be American, Swiss or blue.Cheese
96%
This North American holiday is associated with a large feast, including turkey, cranberry sauce, and pie.Thanksgiving
93.7%
This Pixar film follows a rat learning to be a chef.Ratatouille
91.3%
This restaurant, founded in 1940, is now the most popular in the world.McDonald's
89.8%
This drink was invented at the University of Florida to replenish water, carbs, and electrolytes in athletes.Gatorade
89.3%
Michael Jackson lit his hair on fire in an infamous commercial for this drink.Pepsi
82.1%
Many followers of Judaism follow this strict Jewish diet.Kosher
81.4%
This children's book by Dr. Seuss was about one character trying to introduce a new food to another.Green Eggs and Ham
81%
Question Answer % Correct
Hell's Kitchen is a competition cooking show hosted by this man.Gordon Ramsay
78.9%
Goulash is a creation and the national dish of this country.Hungary
72.4%
In Spanish, this food is known as 'arroz'.Rice
70.8%
We now associate it with theaters, but popcorn was eaten by this ancient American civilization for thousands of years.Inca
66.8%
This man discovered genetics by working with peas.Gregor Mendel
49.3%
In 2003, this singer announced that her milkshakes bring all the boys to the yard.Kelis
44%
This 1982 arcade game allowed players to build hamburgers to crush enemies.BurgerTime
20.5%

You're not logged in!

Compare scores with friends on all Sporcle quizzes.
OR
Log In

From the Vault

Nearest Non-Bordering European Countries

by dancastro

Sometimes you'd just rather not get that close.
Remove Ads.
Support Sporcle.
Get the best of Sporcle when you Go Orange. This ad-free experience offers more features, more stats, and more fun while also helping to support Sporcle. Thank you for becoming a member.

Show Comments

Extras

Top Quizzes Today


Score Distribution

Your Account Isn't Verified!

In order to create a playlist on Sporcle, you need to verify the email address you used during registration. Go to your Sporcle Settings to finish the process.

Report this User

Report this user for behavior that violates our Community Guidelines.

Details: